00599cam a22001933a 450000100060000000300060000600500170001200800410002904000150007004200070008510000210009224501240011326000290023750600300026651600200029670000180031683000290033485600420036343966PGUSA20140828084012.0131017s2013||||xxu|||||s|||||000 | eng d aPGUSAbeng adc1 aWood, J. Maxwell10aWitchcraft and Superstitious Record in the South-Western District of Scotlandh[electronic resource] /cJ. Maxwell Wood bProject Gutenberg,c2013 aPublic domain in the USA. aElectronic text1 aCopland, John 0aProject Gutenbergv4396640uhttp://www.gutenberg.org/ebooks/43966